[Event "Cup final SZFO Chess "B""]
[Site "?"]
[Date "2017.12.08"]
[Round "5"]
[White "Tsoi, D."]
[Black "Gazik, I."]
[Result "1-0"]
[WhiteElo "2381"]
[BlackElo "2257"]
[PlyCount "71"]
[EventDate "2017.12.09"]
[SourceDate "2017.12.09"]

1. c4 e5 2. g3 Nc6 3. Bg2 g6 4. Nc3 Bg7 5. d3 d6 6. Nf3 f5 7. O-O Nf6 8. Rb1 a5
9. a3 O-O 10. b4 axb4 11. axb4 h6 12. b5 Ne7 13. Qb3 Be6 14. Ne1 Rb8 15. Ba3 g5
16. Nc2 f4 17. d4 fxg3 18. hxg3 exd4 19. Nxd4 Bf7 20. b6 c6 21. Rbd1 Re8 22. e4
Ng4 23. Bh3 h5 24. f3 Ne3 25. Ne6 Qc8 26. Nxg5 Bxc4 27. Qb1 Ng4 28. fxg4 Bxf1
29. Rxf1 Rf8 30. Qb3+ d5 31. Bxe7 Rxf1+ 32. Kxf1 Qe8 33. exd5 Kh8 34. Qc2 Qg8
35. Qg6 Bxc3 36. Qh6+ 1-0

[Event "Cup final SZFO Chess "B""]
[Site "?"]
[Date "2017.12.08"]
[Round "5"]
[White "Solozhenkina, E."]
[Black "Blinkov, P."]
[Result "0-1"]
[WhiteElo "2230"]
[BlackElo "2313"]
[PlyCount "104"]
[EventDate "2017.12.09"]
[SourceDate "2017.12.09"]

1. e4 e6 2. d4 d5 3. Nc3 Bb4 4. e5 b6 5. Qg4 Bf8 6. Bg5 Qd7 7. O-O-O h6 8. Bd2
Ne7 9. h4 h5 10. Qf4 Nf5 11. Bd3 g6 12. Bxf5 exf5 13. Qf3 c6 14. Bg5 Qb7 15.
Nge2 Be6 16. Nf4 Na6 17. Bf6 Rg8 18. Qg3 Bh6 19. Kb1 Bxf4 20. Qxf4 Qc8 21. Ne2
Kd7 22. Qf3 Kc7 23. Be7 Kb7 24. Bd6 Nc7 25. Bxc7 Qxc7 26. Nf4 Qd7 27. a4 Rac8
28. a5 Rgd8 29. b3 c5 30. dxc5 Rxc5 31. axb6 axb6 32. c4 Qc6 33. Rd4 Rc8 34.
Nxd5 b5 35. Ne3 Qxf3 36. gxf3 bxc4 37. bxc4 Rxe5 38. Kc2 Ra5 39. Rb1+ Kc6 40.
Kc3 Ra3+ 41. Rb3 Rxb3+ 42. Kxb3 Kc5 43. Kc3 Ra8 44. Rd2 Ra4 45. Rd8 f4 46. Nc2
Rxc4+ 47. Kd2 Bf5 48. Ne1 Rd4+ 49. Rxd4 Kxd4 50. Ke2 f6 51. Kf1 g5 52. Kg1 Kc3
0-1

[Event "Cup final SZFO Chess "B""]
[Site "?"]
[Date "2017.12.08"]
[Round "5"]
[White "Sipila, V."]
[Black "Iljin, T."]
[Result "1/2-1/2"]
[WhiteElo "2373"]
[BlackElo "2305"]
[PlyCount "141"]
[EventDate "2017.12.09"]
[SourceDate "2017.12.09"]

1. c4 e6 2. Nc3 d5 3. d4 Bb4 4. Qb3 c5 5. dxc5 Nc6 6. cxd5 exd5 7. a3 Nd4 8.
Qa4+ Bd7 9. Qd1 Bxc3+ 10. bxc3 Ne6 11. Qxd5 Nf6 12. Qa2 O-O 13. Nf3 Nxc5 14.
Be3 Be6 15. c4 Rc8 16. g3 Nfe4 17. Bg2 Qa5+ 18. Bd2 Nxd2 19. Qxd2 Qa6 20. Qb4
Bxc4 21. O-O Bxe2 22. Rfb1 Qf6 23. Qd4 Qxd4 24. Nxd4 Bd3 25. Rb4 Rfd8 26. Bh3
Rc7 27. Nb5 Bxb5 28. Rxb5 Kf8 29. Bg2 Rd4 30. h4 b6 31. Bf3 Rcd7 32. Kg2 Rd2
33. Kf1 R7d3 34. Ke1 Rc2 35. Bd1 Rcc3 36. a4 Ra3 37. Rc1 Rd7 38. Kf1 Rd2 39. a5
Raa2 40. axb6 Rxf2+ 41. Kg1 Rg2+ 42. Kh1 axb6 43. Rxb6 Rh2+ 44. Kg1 Rag2+ 45.
Kf1 Rd2 46. Kg1 Rhg2+ 47. Kh1 Rxg3 48. Bh5 Rh3+ 49. Kg1 Rd5 50. Rb8+ Ke7 51.
Re1+ Ne6 52. Rb7+ Rd7 53. Bxf7 Rxb7 54. Bxe6 Rxh4 55. Bd5+ Kf6 56. Bxb7 g5 57.
Kf2 h5 58. Bf3 Rh3 59. Bc6 g4 60. Be8 Rf3+ 61. Kg2 h4 62. Bd7 h3+ 63. Kh2 Kg5
64. Rd1 Rf2+ 65. Kg1 Rg2+ 66. Kf1 Rc2 67. Kg1 Rg2+ 68. Kh1 Rc2 69. Rg1 Rg2 70.
Rxg2 hxg2+ 71. Kxg2 1/2-1/2

[Event "Cup final SZFO Chess "B""]
[Site "?"]
[Date "2017.12.08"]
[Round "5"]
[White "Jezov, R."]
[Black "Saveliev, A."]
[Result "0-1"]
[WhiteElo "2312"]
[BlackElo "2372"]
[PlyCount "78"]
[EventDate "2017.12.09"]
[SourceDate "2017.12.09"]

1. e4 d6 2. d4 Nf6 3. Nc3 e5 4. Nf3 Nbd7 5. Bc4 Be7 6. O-O O-O 7. a4 c6 8. Re1
b6 9. Ba2 a6 10. Nh4 g6 11. Nf3 Nh5 12. Bh6 Ng7 13. Qd2 Qc7 14. Rad1 Nf6 15. h3
b5 16. Ng5 Nfh5 17. Ne2 bxa4 18. g4 Nf6 19. f4 Rb8 20. c3 Qb6 21. Rb1 exd4 22.
Nxd4 d5 23. exd5 Bc5 24. dxc6 Qxc6 25. Kh2 Qc7 26. Ndf3 Bb7 27. Nxf7 Rxf7 28.
Ne5 Rbf8 29. Nxf7 Rxf7 30. Bxf7+ Kxf7 31. Bxg7 Kxg7 32. Rbd1 Bf3 33. g5 Nd5 34.
Re5 Be3 35. Rxe3 Qxf4+ 36. Kg1 Qxg5+ 37. Kh2 Qf4+ 38. Kg1 Qg3+ 39. Kf1 Qxh3+
0-1

[Event "Cup final SZFO Chess "B""]
[Site "?"]
[Date "2017.12.08"]
[Round "5"]
[White "Schekachikhin, M."]
[Black "Sokolov, A."]
[Result "0-1"]
[WhiteElo "2368"]
[BlackElo "2519"]
[PlyCount "126"]
[EventDate "2017.12.09"]
[SourceDate "2017.12.09"]

1. d4 d5 2. c4 dxc4 3. Nf3 Nf6 4. Nc3 a6 5. e4 b5 6. e5 Nd5 7. a4 Nxc3 8. bxc3
Bb7 9. Ba3 e6 10. Bxf8 Kxf8 11. Qb1 Nd7 12. axb5 axb5 13. Rxa8 Qxa8 14. Qxb5
Bxf3 15. gxf3 Qa1+ 16. Kd2 Ke7 17. Qxc4 Qb2+ 18. Ke3 Qc1+ 19. Kd3 Qf4 20. Qb4+
c5 21. dxc5 Qxf3+ 22. Kc2 Qxf2+ 23. Kc1 Qe1+ 24. Kc2 Qf2+ 25. Kc1 Rb8 26. Bb5
Qxc5 27. Qxc5+ Nxc5 28. c4 Nd3+ 29. Kc2 Nxe5 30. Kc3 Kd6 31. Ra1 g5 32. Ra6+
Kc5 33. Ba4 Rc8 34. Ra5+ Kd6 35. Ra6+ Nc6 36. Rb6 g4 37. Rb7 Rc7 38. c5+ Kd7
39. Rb8 Ke7 40. Bxc6 Rxc6 41. Kc4 Ra6 42. Rh8 Ra2 43. Rxh7 Rc2+ 44. Kb5 e5 45.
Rg7 Ke6 46. Kc6 f5 47. Rg6+ Kf7 48. Rh6 e4 49. Kd5 e3 50. Rh7+ Kf6 51. Rh6+ Kg5
52. Re6 e2 53. Kd4 f4 54. Kd3 f3 55. Kxc2 f2 56. Rxe2 f1=Q 57. Kd2 Qf4+ 58. Kd3
Qf3+ 59. Kd2 Qd5+ 60. Ke1 Kh4 61. Kf2 Kh3 62. Kg1 Qxc5+ 63. Rf2 g3 0-1